000 00430nam a2200157Ia 4500
005 20250508155640.0
008 008 250505s9999 xx 000 0 eng d
037 _aBooks to be hide in OPAC
040 _aFEDL
_beng
_cFEDL
041 _aeng
_2eng
084 _a150.5, BRI/O
_qFEDL
245 0 _aBritish psychological society 1901-1961
300 _a63p.
942 _cHB
_h150.5, BRI/O
999 _c1358510
_d1358510